1937 1318 1627 1299 1430 1366 1275 1458 1496 1946 1355 1545 1931 1567 1444 1976 1294 1703 1482 1504 1372 1236 1297 1142 1852 1804 1243 1410 1982 1448 1729 1808 1717 1945 1512 1111 1318 1532 1042 1408 1762 1100 1562 1178 1487 1970 1049 1240 1287 1967 1633 1684 1426 1566 1891 1362 1185 1657 1973 1290 1461 1677 1037 1277 1101 1124 1322 1686 1024 1217 1225 1568 1041 1158 1059 1475 1709 1032 1067 1070 1554 1904 1003 1625 1840 1944 1420 1475 1736 1476 1082 1317 1101 1537 1659 1338 1803 1089 1830 BCNSPRNW ULIB Ver.6.0+V

เปลี่ยนเป็นภาษาไทย

Change to English
 แสดงรายละเอียดบรรณานุกรม
  กลับหน้าหลัก

Brief Record : Get Marc (ISO 2709) : E-mail record : QR code < ปิดหน้าต่าง
LEADER : 00000nam 2200000uu 4500
001    13399111602
003     ULIB
008    110627s||||||||th 000 0 tha d
020    9786115210091
090    นว.^bม289ค 2552
100 0  มักเน
245 00 คำสั่งรัก/^cมักเน
250    พิมพ์ครั้งที่ 1
260    กรุงเทพฯ :^bมธุรดา,^c2552
300    220 หน้า
945    ^p159^l0^i026020
995    ทศพร
999 ^a ใช้งานได้ทุกระบบ
รายการนี้ยังไม่มีแท็ก
คุณยังไม่ได้ล็อกอิน คุณสามารถมีกิจกรรมร่วมกับเว็บไซต์ได้ แต่ต้องล็อกอินก่อน ::
  ล็อกอิน

รายการสื่อสารสนเทศ

ลำดับที่ ประเภท เลขเรียก/บาร์โค้ด สถานที่ สถานะ
- ไม่พบข้อมูล -

รายการใกล้เคียง
    ผู้แต่ง [มักเน]

BibComment


ยังไม่เคยถูกคอมเมนท์

คอมเมนท์ทรัพยากรรายการนี้
  คอมเมนท์: คำสั่งรัก มักเน


 Copyright 2026. Bcnsprnw @Library